<?xml version="1.0" encoding="UTF-8"?>
<collection xmlns="http://www.loc.gov/MARC21/slim">
<record>
  <controlfield tag="000">03401ckm\a22004092u\4500</controlfield>
  <controlfield tag="001">258794</controlfield>
  <controlfield tag="005">20251009105448.0</controlfield>
  <controlfield tag="007">kd\cc</controlfield>
  <controlfield tag="008">081002s1943\\\\xxunnn\\\\\\\\\\\\knzxx\d</controlfield>
  <datafield tag="035" ind1=" " ind2=" ">
    <subfield code="a">(DFoPcSh)00213488</subfield>
  </datafield>
  <datafield tag="040" ind1=" " ind2=" ">
    <subfield code="a">DFo</subfield>
    <subfield code="c">CaBNvSL</subfield>
    <subfield code="d">CaBNvSL</subfield>
    <subfield code="e">gihc</subfield>
    <subfield code="d">UtOrBLW</subfield>
  </datafield>
  <datafield tag="049" ind1=" " ind2=" ">
    <subfield code="a">UXGA</subfield>
  </datafield>
  <datafield tag="100" ind1="1" ind2=" ">
    <subfield code="a">Jones, Robert Edmond,</subfield>
    <subfield code="d">1887-1954,</subfield>
    <subfield code="0">n  86102999,</subfield>
    <subfield code="e">artist.</subfield>
  </datafield>
  <datafield tag="245" ind1="1" ind2="0">
    <subfield code="a">Costume design for Paul Robeson in Othello</subfield>
    <subfield code="h">[graphic] /</subfield>
    <subfield code="c">Jones 43.</subfield>
  </datafield>
  <datafield tag="260" ind1=" " ind2=" ">
    <subfield code="c">[1943]</subfield>
  </datafield>
  <datafield tag="300" ind1=" " ind2=" ">
    <subfield code="a">1 item :</subfield>
    <subfield code="b">ink and gouache over pencil indications, fabric swatches attached ;</subfield>
    <subfield code="c">14 1/2 x 11 1/2 in., 37 x 30 cm</subfield>
  </datafield>
  <datafield tag="336" ind1=" " ind2=" ">
    <subfield code="a">still image</subfield>
    <subfield code="b">sti</subfield>
    <subfield code="2">rdacontent</subfield>
  </datafield>
  <datafield tag="337" ind1=" " ind2=" ">
    <subfield code="a">unmediated</subfield>
    <subfield code="b">n</subfield>
    <subfield code="2">rdamedia</subfield>
  </datafield>
  <datafield tag="340" ind1=" " ind2=" ">
    <subfield code="a">cardboard</subfield>
    <subfield code="a">textile</subfield>
    <subfield code="2">rdamat</subfield>
  </datafield>
  <datafield tag="340" ind1=" " ind2=" ">
    <subfield code="c">ink</subfield>
    <subfield code="c">gouache</subfield>
    <subfield code="2">rdamat</subfield>
  </datafield>
  <datafield tag="340" ind1=" " ind2=" ">
    <subfield code="g">polychrome</subfield>
    <subfield code="2">rdacc</subfield>
  </datafield>
  <datafield tag="500" ind1=" " ind2=" ">
    <subfield code="a">Artist: Jones was primarily a scenic designer and director who was associated with the plays of Eugene O'Neill and is noted as having revolutionized American scene design. This costume design is registered as no.64-B8 in the Index of theater designs of Robert Edmond Jones, maintained by the Olin Memorial Library of Wesleyan University.</subfield>
  </datafield>
  <datafield tag="500" ind1=" " ind2=" ">
    <subfield code="a">Executed on artists' board, four swatches of fabric attached at left. In ink on recto: 'OTHELLO/Mr. Robeson/(Tavern)/Both garments unlined/see pattern/cloth slippers to match' ; in pencil top center: 'Sk 10" (?). On verso in pencil: 'Belden-- +3--' Glued to verso is a paper label registering the item in index of Jones's theater designs. Incapsulated and connected to the item is a letter concerning design's provenance.</subfield>
  </datafield>
  <datafield tag="500" ind1=" " ind2=" ">
    <subfield code="a">History: Design was executed for the 1943 production of Othello staged in New York at the Schubert Theater. The production ran from Oct. 1943 to July 1944, 295 nights, and was at that time the longest running Shakespeare play on record.</subfield>
  </datafield>
  <datafield tag="500" ind1=" " ind2=" ">
    <subfield code="a">Provenance: Drawing was given to the library 'the gift of James O. Belden in memory of Evelyn Berry Belden', the donor requesting this notation to be included in all official and published references to the item. (ac213267).</subfield>
  </datafield>
  <datafield tag="500" ind1=" " ind2=" ">
    <subfield code="a">This record contains unverified data from old cards and may contain incorrect or incomplete text. Please consult Curator for assistance.</subfield>
  </datafield>
  <datafield tag="506" ind1="1" ind2=" ">
    <subfield code="a">RESTRICTED: limited light allowance.</subfield>
    <subfield code="c">Available by special permission only.</subfield>
    <subfield code="5">DFo</subfield>
  </datafield>
  <datafield tag="530" ind1=" " ind2=" ">
    <subfield code="a">Also available as a digital reproduction.</subfield>
  </datafield>
  <datafield tag="583" ind1="0" ind2=" ">
    <subfield code="a">revised</subfield>
    <subfield code="c">2015-06</subfield>
    <subfield code="k">EEW</subfield>
    <subfield code="n">1</subfield>
    <subfield code="o">link</subfield>
    <subfield code="x">Luna</subfield>
    <subfield code="2">local</subfield>
    <subfield code="5">DFo</subfield>
  </datafield>
  <datafield tag="585" ind1=" " ind2=" ">
    <subfield code="a">Washington, D.C., Folger Shakespeare Library, 1976. Shakespeare in America.</subfield>
    <subfield code="5">DFo</subfield>
  </datafield>
  <datafield tag="585" ind1=" " ind2=" ">
    <subfield code="a">California Academy of Sciences and six other venues, 1979-1982. Shakespeare: The Globe and the World (Folger Shakespeare Library traveling exhibition; catalog page 192)</subfield>
    <subfield code="5">DFo</subfield>
  </datafield>
  <datafield tag="585" ind1=" " ind2=" ">
    <subfield code="a">Washington, D.C., Folger Shakespeare Library, 2007. Shakespeare in American Life (catalog entry 87)</subfield>
    <subfield code="5">DFo</subfield>
  </datafield>
  <datafield tag="585" ind1=" " ind2=" ">
    <subfield code="a">Washington, D.C.,  Folger  Shakespeare Library,  2016.  America's  Shakespeare.</subfield>
    <subfield code="5">DFo</subfield>
  </datafield>
  <datafield tag="600" ind1="1" ind2="0">
    <subfield code="a">Robeson, Paul,</subfield>
    <subfield code="d">1898-1976.</subfield>
    <subfield code="0">n  80064276 </subfield>
  </datafield>
  <datafield tag="600" ind1="1" ind2="0">
    <subfield code="a">Shakespeare, William,</subfield>
    <subfield code="d">1564-1616.</subfield>
    <subfield code="t">Othello,</subfield>
    <subfield code="0">n  82049570,</subfield>
    <subfield code="e">depicted.</subfield>
  </datafield>
  <datafield tag="655" ind1=" " ind2="7">
    <subfield code="a">Costume design drawings.</subfield>
    <subfield code="0">tgm002607g</subfield>
    <subfield code="2">gmgpc</subfield>
  </datafield>
  <datafield tag="700" ind1="1" ind2=" ">
    <subfield code="a">Belden, James O.,</subfield>
    <subfield code="e">former owner.</subfield>
    <subfield code="5">DFo</subfield>
  </datafield>
  <datafield tag="752" ind1=" " ind2=" ">
    <subfield code="a">United States.</subfield>
    <subfield code="2">naf</subfield>
  </datafield>
  <datafield tag="852" ind1="8" ind2=" ">
    <subfield code="a">US-DFo</subfield>
    <subfield code="b">DeckB-Art</subfield>
    <subfield code="h">ART Box J79 no.1</subfield>
    <subfield code="x">CIN=cj</subfield>
    <subfield code="7">342007</subfield>
    <subfield code="r">RESTRICTED: limited light allowance.</subfield>
  </datafield>
  <datafield tag="856" ind1="4" ind2="1">
    <subfield code="u">https://digitalcollections.folger.edu/img1403</subfield>
    <subfield code="z">Digital image(s) of Folger Shakespeare Library ART Box J79 no.1</subfield>
  </datafield>
  <datafield tag="909" ind1="C" ind2="O">
    <subfield code="o">oai:catalog.folger.edu:258794</subfield>
    <subfield code="p">GLOBAL_SET</subfield>
  </datafield>
  <datafield tag="980" ind1=" " ind2=" ">
    <subfield code="a">BIB</subfield>
  </datafield>
  <datafield tag="983" ind1=" " ind2=" ">
    <subfield code="a">Online</subfield>
  </datafield>
  <datafield tag="983" ind1=" " ind2=" ">
    <subfield code="a">Vault</subfield>
  </datafield>
</record>
</collection>